LEADER 01049nam--2200385---450- 001 990002943560203316 005 20070612142120.0 010 $a978-88-06-16682-3 035 $a000294356 035 $aUSA01000294356 035 $a(ALEPH)000294356USA01 035 $a000294356 100 $a20070612d2007----km-y0itay50------ba 101 $aita 102 $aIT 105 $a||||||||001yy 200 1 $aEnrico Fermi$eil genio obbediente$fGiuseppe Bruzzaniti 210 $aTorino$cEinaudi$dc2007 215 $aXIII, 386 p.$d22 cm. 225 2 $aSaggi$v882 410 0$12001$aSaggi$v882 454 1$12001 461 1$1001-------$12001 600 1$aFermi,$bEnrico 676 $a539.7092 700 1$aBRUZZANITI,$bGiuseppe$0463690 801 0$aIT$bsalbc$gISBD 912 $a990002943560203316 951 $aII.6. 79$b197382 L.M.$cII.6.$d00160272 959 $aBK 969 $aUMA 979 $aRIVELLI$b90$c20070612$lUSA01$h1418 979 $aRIVELLI$b90$c20070612$lUSA01$h1421 996 $aEnrico Fermi$91030670 997 $aUNISA LEADER 00900nam2 22002651i 450 001 RML0291126 005 20231121125736.0 100 $a20121121d1968 ||||0itac50 ba 101 | $aita 102 $ait 181 1$6z01$ai $bxxxe 182 1$6z01$an 200 1 $aVol. 2. :$fAldo Capitini 210 $aFirenze $cLa Nuova Italia $d1968 215 $a435 p.$d21 cm. 461 1$1001RML0291124$12001 $aEducazione aperta$fAldo Capitini 700 1$aCapitini$b, Aldo$3RMLV176543$032135 801 3$aIT$bIT-01$c20121121 850 $aIT-FR0017 899 $aBiblioteca umanistica Giorgio Aprea$bFR0017 912 $aRML0291126 950 2$aBiblioteca umanistica Giorgio Aprea$d 52CIS 1/2750.2$e 52VM 0000605955 VM barcode:00059562. - Inventario:2409 MAGVM$fA $h20060406$i20121204 977 $a 52 996 $aVol. 2.$93628109 997 $aUNICAS